Jeder Ferrari GP Sieger seit 2000 - Statistiken

Allgemein
  • Dieses Quiz wurde 45 mal gespielt
  • Das Durchschnittsergebnis liegt bei 8 aus 9
Antwortstatistiken
Hint Antwort % Korrekt
1 Schumacher
97%
9 Alonso
95%
8 Leclerc
95%
4 Vettel
92%
3 Barrichello
87%
2 Massa
85%
6 Sainz
82%
5 Räikonnen
69%
7 Hamilton
67%
Keine übereinstimmenden Quizze gefunden
Verteilung der Resultate
Anzahl Personen mit jedem Resultat
Perzentil nach korrekt beantworteten Fragen
Ihre Resultats-Entwicklung
Sie haben dieses Quiz noch nicht gespielt